Migration and migrant workers in Europe

Pohľad na európsku migráciu. Migrujúci pracujúci. Trendy v migrácii.

Na minha lista:
Detalhes bibliográficos
Autor principal: Kajzar, Patrik
Formato: Capítulo de Livro
Idioma:inglês
Assuntos:
Tags: Adicionar Tag
Sem tags, seja o primeiro a adicionar uma tag!

MARC

LEADER 00000naa a2200000 4500
001 0174352
005 20231128131703.3
041 0 |a eng 
044 |a CZ 
245 1 0 |a Migration and migrant workers in Europe  |c Patrik Kajzar 
520 |a Pohľad na európsku migráciu. Migrujúci pracujúci. Trendy v migrácii. 
610 2 0 |a migrácia 
610 2 0 |a pohyb síl pracovných 
610 2 0 |a pohyb síl pracovných medzinárodný 
610 2 0 |a Európa 
100 1 |a Kajzar, Patrik